000 00803nam a2200193Ia 4500
008 151121s9999||||xx |||||||||||||| ||und||
082 _a814/खांडगे
082 _bHNW-58189
100 _aखांडगे भास्कर
245 _aदया पवार यांच्या साहित्याचा अभ्यास
260 _b"विमल प्रकाशन, पुणे।"
260 _c--
300 _a179
600 _aखांडगे भास्कर
630 _aदया पवार यांच्या साहित्याचा अभ्यास
700 _aखांडगे भास्कर
730 _aदया पवार यांच्या साहित्याचा अभ्यास
942 _cBOOK
999 _c1240120
_d1240117